Southville International School and Colleges
Your cart is empty.
  • Cart
  • Lists
    Public lists Eva Luna New books Lux_list list_1
    Your lists Log in to create your own lists
  • Log in to your account
  • Your cookies
  • Search history
Southville International School and Colleges
  • Advanced search
  • Recent comments
  • Most popular
  • Libraries

Log in to your account

Log in with GOOGLE


If you do not have an external account, but do have a local account, you can still log in:

  1. Home
  2. MARC view: Essentials for the emergency medical responder /
Normal view MARC view ISBD view

Essentials for the emergency medical responder / (Record no. 39779)

[ view plain ]
MARC details
000 -LEADER
fixed length control field 00779nam a2200241 a 4500
005 - DATE AND TIME OF LATEST TRANSACTION
control field 20140311163043.0
008 - FIXED-LENGTH DATA ELEMENTS--GENERAL INFORMATION
fixed length control field 130122s19uu xx 00 eng d
020 ## - INTERNATIONAL STANDARD BOOK NUMBER
International Standard Book Number 9781111308919
050 ## - LIBRARY OF CONGRESS CALL NUMBER
Classification number RC 86.7
Item number .G72 2012
100 ## - MAIN ENTRY--PERSONAL NAME
Personal name Grafft, Joseph A.
245 ## - TITLE STATEMENT
Title Essentials for the emergency medical responder /
Statement of responsibility, etc Joseph A. Grafft & Katherine Kuzma Grafft.
250 ## - EDITION STATEMENT
Edition statement International ed.
260 ## - PUBLICATION, DISTRIBUTION, ETC. (IMPRINT)
Place of publication, distribution, etc Clifton Park, NY ; Singapore :
Name of publisher, distributor, etc Delmar Cengage Learning,
Date of publication, distribution, etc 2012.
300 ## - PHYSICAL DESCRIPTION
Extent 318 p. :
Other physical details ill. col. ;
Dimensions 28 cm.
500 ## - GENERAL NOTE
General note Includes index
521 ## - TARGET AUDIENCE NOTE
Target audience note
650 ## - SUBJECT ADDED ENTRY--TOPICAL TERM
Topical term or geographic name as entry element Emergency medical technicians
650 ## - SUBJECT ADDED ENTRY--TOPICAL TERM
Topical term or geographic name as entry element Medical emergencies
650 ## - SUBJECT ADDED ENTRY--TOPICAL TERM
Topical term or geographic name as entry element First aid in illness and injury
700 ## - ADDED ENTRY--PERSONAL NAME
Personal name Grafft, Katherine Kuzma
942 ## - ADDED ENTRY ELEMENTS (KOHA)
Koha item type Books
Source of classification or shelving scheme Library of Congress Classification
Call number prefix Foreign
Holdings
Withdrawn status Lost status Source of classification or shelving scheme Damaged status Home library Current library Shelving location Date acquired Source of acquisition Cost, normal purchase price Total Checkouts Full call number Barcode Date last seen Date checked out Copy number Price effective from Koha item type
    Library of Congress Classification   College Library College Library General Circulation Section 01/22/2013   2363.00 1 RC 86.7 .G72 2012 C15449 01/15/2021 10/16/2019 1 10/18/2013 Books

Essentials for the emergency medical responder /

APA

Grafft J. A., Grafft K. K., . (2012). Essentials for the emergency medical responder. Clifton Park, NY ; Singapore: Delmar Cengage Learning.

Chicago

Grafft Joseph A, Grafft Katherine Kuzma, . 2012. Essentials for the emergency medical responder. Clifton Park, NY ; Singapore: Delmar Cengage Learning.

Harvard

Grafft J. A., Grafft K. K., . (2012). Essentials for the emergency medical responder. Clifton Park, NY ; Singapore: Delmar Cengage Learning.

MLA

Grafft Joseph A, Grafft Katherine Kuzma, . Essentials for the emergency medical responder. Clifton Park, NY ; Singapore: Delmar Cengage Learning. 2012.

  • Place hold
  • Print
  • Cite
  • Add to your cart (remove)
  • Save record
    BIBTEX Dublin Core MARCXML MARC (non-Unicode/MARC-8) MARC (Unicode/UTF-8) MARC (Unicode/UTF-8, Standard) MODS (XML) RIS
  • More searches
    Search for this title in:
    Other Libraries (WorldCat) Other Databases (Google Scholar) Online Stores (Bookfinder.com) Open Library (openlibrary.org)

Exporting to Dublin Core...

SOUTHVILLE LIBRARY

Southville International School and Colleges Library

1281 Tropical Ave. Cor. Luxembourg St., BF Homes International, Las Pinas City

Tel. No. 8256374 / 252358 Loc. 117/146

Powered by Koha